Coat of Arms for all European Capitals - Statistics

General Stats
  • This quiz has been taken 23 times
  • The average score is 18 of 45
Answer Stats
Picture Answer % Correct
Lisbon
80%
Vatican
80%
Vienna
75%
Amsterdam
70%
Bern
65%
Rome
65%
Berlin
60%
Oslo
60%
Stockholm
60%
Chisinau
55%
London
55%
Athens
50%
Copenhagen
50%
Luxembourg
50%
Madrid
50%
Paris
50%
Kyiv
45%
Moscow
45%
San Marino
45%
Budapest
40%
Monaco
40%
Riga
40%
Tallinn
40%
Helsinki
35%
Prague
35%
Brussels
30%
Bucharest
30%
Pristina
30%
Sofia
30%
Belgrade
25%
Dublin
25%
Ljubljana
25%
Vilnius
25%
Zagreb
25%
Bratislava
20%
Minsk
20%
Podgorica
20%
Reykjavik
20%
Skopje
20%
Tirana
20%
Warsaw
20%
Sarajevo
15%
Vaduz
15%
Valletta
15%
Andorra la Vela
0%
No matching quizzes found
Score Distribution
Percent of People with Each Score
Percentile by Number Answered
Your Score History
You have not taken this quiz